| 000 | 00673nam a2200181 i 4500 | ||
|---|---|---|---|
| 001 | 50059 | ||
| 003 | ES-MaACL | ||
| 007 | t| | ||
| 008 | 030729s1953 sp ||||1| spa d | ||
| 245 | 0 | 0 |
_aCristianismo y propaganda _b: ideas, directrices y sugerencias prácticas / _ctraducido por Federico de Barrenengoa. |
| 260 |
_aBilbao : _bDesclée de Brouwer, _c1953 ( _eOñate, Guipúzcoa : _fSantiago de Aránzazu) |
||
| 300 |
_a179 p. ; _c19 cm. |
||
| 490 | 1 |
_aBiblioteca de estudios pastorales ; _v5 |
|
| 700 | 1 |
_aBarrenengoa, Federico. _925912 |
|
| 830 | 0 |
_aBiblioteca de estudios pastorales ; _v5 _9181669 |
|
| 852 |
_aES-MaACL _jC-7884 _bR.35879 |
||
| 999 |
_c50059 _d50059 |
||